000 00351nam a22001337a 4500
008 241127b |||||||| |||| 00| 0 eng d
020 _a9789351113881
050 _aPN 4784.F76
_b.C43
100 _aChawa Shipra
245 _aFreelance Journalish and Mass Communication
260 _aNew Delhi
_bRandom Publications
_c2014
300 _a287
942 _cBK
999 _c1792
_d1792